Statistics for Burger King Chicken Lyrics (Marinara, Mozzarella)

Click here to take the quiz!

General Stats

  • This quiz has been taken 71 times
  • The average score is 13 of 27

Answer Stats

Lyrics% Correct
Marinara
95%
Mozzarella
95%
You
61%
At
59%
At
59%
Chicken
57%
It
57%
Fella
52%
Have
52%
Rule!
52%
BK
50%
Crispy
50%
Crispy
50%
Look
50%
This
50%
Royal
48%
Royal
48%
Way
48%
Your
48%
Italian
36%
Cheese
27%
And
25%
Sauce
25%
Is
18%
What
18%
I'm
16%
Pickin'
16%

Score Distribution

Percentile by Number Answered

Percent of People with Each Score

Your Score History

You have not taken this quiz